• 首页
  • 本馆介绍
  • 公告通知
  • 最新文献
  • 馆藏检索
  • 电子资源
  • 读者导购
  • 参考咨询
  • 我的图书馆
  • 登录
  • 详细信息显示
  • 放入我的书架
  • 预约/预借图书
  • 作者相关作品
  • 分类相关作品
  • 丛书相关作品
  • 出版社相关作品

书目信息

  • 表格格式
  • 工作单格式
  • 卡片格式
题名:
贝多芬传
    
 
作者: 罗曼·罗兰 著 ;傅雷 译
分册:  
出版信息: 沈阳   万卷出版公司  2018
页数: 395页
开本: 24cm
丛书名:
单 册:
中图分类: K835.165.76=41 , K835.465.72=331
科图分类:
主题词:
电子资源:
ISBN: 978-7-5470-4837-5
000 01095nam0 2200301 450
001 012001009598
005 20140102171723.0
010    @a978-7-5470-4837-5@dCNY56.00
099    @aCAL 012018194811
100    @a20181017d2018 em y0chiy50 ea
101 1  @achi@cfre
102    @aCN@b210000
105    @ay z 000yc
106    @ar
200 1  @a贝多芬传@Abei duo fen zhuan@a弥盖朗琪罗传@a托尔斯泰传@f(法)罗曼·罗兰著@g傅雷译
210    @a沈阳@c万卷出版公司@d2018
215    @a395页@d24cm
300    @a傅雷作品集
330    @a本书收录傅雷译《贝多芬传》《弥盖朗琪罗传》《托尔斯泰传》,同出自罗曼·罗兰之手。
600  1 @a贝多芬@g(Beethoven, ludwing Van),@f1770-1827@x传记
600  1 @a米开朗琪罗@g(Michelangelo, Buonarroti),@f1475-1564@x传记
600  1 @a托尔斯泰@g(Tolstoy, Leo Nikolayevich),@f1828-1910@x传记
690    @aK835.165.76=41@v5
690    @aK835.465.72=331@v5
701  0 @a罗曼·罗兰@Aluo man luo lan@g(Rolland, Romain),@f1866-1944@4著
702  0 @a傅雷@Afu lei,@f1908-1966@4译
801  0 @aCN@b上海新华@c20191020
905    @b1188807-10@dK835.165.76=41@e1097@f4
    
    贝多芬传;弥盖朗琪罗传;托尔斯泰传/(法)罗曼·罗兰著/傅雷译.-沈阳:万卷出版公司,2018
    395页;24cm
    傅雷作品集
    
    ISBN 978-7-5470-4837-5:CNY56.00
    本书收录傅雷译《贝多芬传》《弥盖朗琪罗传》《托尔斯泰传》,同出自罗曼·罗兰之手。
●
相关链接 在E读中查询图书 在五车中查询图书 在当当中查询图书 在豆瓣中查询图书


正题名:贝多芬传     索取号:K835.165.76=41/1097         预约/预借

序号 登录号 条形码 馆藏地/架位号 状态 备注
1 1188807   211888073   第二样本阅览室/ [索取号:K835.165.76=41/1097] 在馆    
2 1188808   211888082   第二借阅区/ [索取号:K835.165.76=41/1097] 在馆    
3 1188809   211888091   第二借阅区/ [索取号:K835.165.76=41/1097] 在馆    
4 1188810   211888108   第二借阅区/ [索取号:K835.165.76=41/1097] 在馆    
唐山师范学院图书馆 欢迎您!
大连网信软件有限公司© 版权所有